Theory and empirics of economics in the current perspective / (Record no. 53978)

MARC details
000 -LEADER
fixed length control field 00853nam a22002417a 4500
005 - DATE AND TIME OF LATEST TRANSACTION
control field 20110718164325.0
008 - FIXED-LENGTH DATA ELEMENTS--GENERAL INFORMATION
fixed length control field 110718t xxu||||| |||| 00| 0 eng d
010 ## - LCCN (DPL NO)
LC control number ENG-103031
020 ## - INTERNATIONAL STANDARD BOOK NUMBER
International Standard Book Number 9788184246773
Terms of availability 295.00
035 ## - SYSTEM CONTROL NUMBER
System control number EN-86564
037 ## - SOURCE OF ACQUISITION
Source of stock number/acquisition DBAD/PUB
040 ## - CATALOGING SOURCE
Original cataloging agency Dpl
Language of cataloging Eng
082 ## - DEWEY DECIMAL CLASSIFICATION NUMBER
Classification number 330.05
100 ## - MAIN ENTRY--PERSONAL NAME
9 (RLIN) 29676
245 ## - TITLE STATEMENT
Title Theory and empirics of economics in the current perspective /
Statement of responsibility, etc edited by Debnarayan Sarker
260 ## - PUBLICATION, DISTRIBUTION, ETC. (IMPRINT)
Place of publication, distribution, etc New Delhi
Name of publisher, distributor, etc Allied Publishers
Date of publication, distribution, etc 2011
270 ## - ADDRESS
Address 1/13-14 Asaf Ali Road
City New Delhi
Postal code 110002
300 ## - PHYSICAL DESCRIPTION
Extent xii,176p.
Dimensions 24cm (pbk)
500 ## - GENERAL NOTE
General note Includes index
700 ## - ADDED ENTRY--PERSONAL NAME
Personal name Sarker, Debnarayan
9 (RLIN) 29668
942 ## - ADDED ENTRY ELEMENTS (KOHA)
Source of classification or shelving scheme Dewey Decimal Classification
Item type English Books
Call number suffix THE
Classification part 330.05
Holdings
Withdrawn status Lost status Source of classification or shelving scheme Damaged status Not for loan Collection code Home library Current library Date acquired Source of acquisition Cost, normal purchase price Total Checkouts Full call number Barcode Date last seen Copy number Cost, replacement price Koha item type
    Dewey Decimal Classification   Not For Loan Non-fiction D.B.Act.Division D.B.Act.Division 18/07/2011 DBAD/PUB 295.00   330.05THE EN-86564 18/07/2011 1 295.00 English Books

© Delhi Public Library
Hit Counter
free hit counter